A history of Christianity : the first three thousand years (Record no. 45588)

MARC details
000 -LEADER
fixed length control field 00856nam a2200217 a 4500
001 - CONTROL NUMBER
control field 15989716
008 - FIXED-LENGTH DATA ELEMENTS--GENERAL INFORMATION
fixed length control field 161110s2009 ||||||||||||||||| || u
010 ## - LIBRARY OF CONGRESS CONTROL NUMBER
LC control number 2009379999
020 ## - INTERNATIONAL STANDARD BOOK NUMBER
International Standard Book Number 9780713998696
050 ## - LIBRARY OF CONGRESS CALL NUMBER
Classification number BR 150 MAC
100 ## - MAIN ENTRY--PERSONAL NAME
Personal name MacCulloch, Diarmaid
245 12 - TITLE STATEMENT
Title A history of Christianity : the first three thousand years
Statement of responsibility, etc. Diarmaid MacCulloch.
260 ## - PUBLICATION, DISTRIBUTION, ETC.
Place of publication, distribution, etc. London, England
Name of publisher, distributor, etc. Penguin Books Ltd
Date of publication, distribution, etc. 2009
260 ## - PUBLICATION, DISTRIBUTION, ETC.
Place of publication, distribution, etc. London, England
Name of publisher, distributor, etc. Allen Lane
Date of publication, distribution, etc. 2009
300 ## - PHYSICAL DESCRIPTION
Extent xvii, 1161 p. : ill. (some col.), maps
500 ## - GENERAL NOTE
General note Includes bibliographical references (p. [1017]-1112).
650 ## - SUBJECT ADDED ENTRY--TOPICAL TERM
Topical term or geographic name entry element CHRISTIANITY
650 #0 - SUBJECT ADDED ENTRY--TOPICAL TERM
Topical term or geographic name entry element CHURCH HISTORY
650 ## - SUBJECT ADDED ENTRY--TOPICAL TERM
Topical term or geographic name entry element HISTORY--RELIGIOUS ASPECTS--CHRISTIANITY
995 ## - RECOMMENDATION 995 [LOCAL, UNIMARC FRANCE]
-- CBU-MAIN LIBRARY (Kitwe)
-- 1
-- AVAILABLE
-- Nov 10, 2016
-- Main Library Open Access Collection
Holdings
Withdrawn status Lost status Source of classification or shelving scheme Damaged status Not for loan Home library Current library Shelving location Date acquired Total Checkouts Full call number Barcode Date last seen Date last checked out Price effective from Koha item type
          CBU-MAIN LIBRARY, KITWE. CBU-MAIN LIBRARY, KITWE.   11/30/2022 1 BR 150 MAC 746912 09/20/2024 09/11/2024 11/30/2022 MONOGRAPH